| 000 | | | 05001nac2a22003373x 450 |
| 001 | | | b07a6ea1-bddd-4618-887e-9b2f652b7f42 |
| 005 | | | 20221222232912.0 |
| 100 | ## | $a | 20221117l19311934k y0rusy50 ca |
| 101 | 0# | $a | rus |
| 102 | ## | $a | RU |
| 105 | ## | $a | y z ||||| |
| 122 | 2# | $a | d19311228 |
| | $a | d19340325 |
| 200 | 1# | $a | О награждении Бекулова, Мата, Шогенова, Балкарова К., Альботова Г., Филиппенко Д. |
| | $j | 28.12.1931 - 25.03.1934 |
| 215 | ## | $a | 30 листов |
| 251 | ## | $c | Дело |
| 300 | ## | $a | Заголовок дела на папке: О награждении Бекулова Мата, Шогенова Хашпаго, Балкарова Кучука, Альботова Гузера, Филиппенко Дмитрия (Кабардино-Балкарская Автономная Область) |
| 300 | ## | $a | Нумерация начинается с конца дела |
| 300 | ## | $a | Часть текста машинописная и рукописная, часть - напечатана типографским способом |
| 324 | ## | $a | В деле имеются копии отдельных документов |
| 461 | #0 | $1 | 001796d4672-8a00-4986-b488-6e42273792cc |
| | $1 | 2001 |
| | $a | ЦЕНТРАЛЬНЫЙ ИСПОЛНИТЕЛЬНЫЙ КОМИТЕТ СССР (ЦИК СССР). |
| | $1 | 251 |
| | $c | Фонд |
| | $1 | 852 |
| | $g | Р |
| | $j | 3316 |
| 462 | #0 | $1 | 00158bf05d7-460a-41ec-bd21-5c4fde193abd |
| | $1 | 2001 |
| | $a | Дела Секретариата Президиума ЦИК Союза ССР. 1931 г. |
| | $v | Д. 738 |
| | $1 | 251 |
| | $c | Опись |
| | $1 | 852 |
| | $j | 24 |
| 517 | 1# | $a | О награждении Бекулова Мата, Шогенова Хашпаго, Балкарова Кучука, Альботова Гузера, Филиппенко Дмитрия (Кабардино-Балкарская Автономная Область) |
| 600 | #1 | $a | Бекулов |
| | $b | М. |
| | $g | Мата |
| 600 | #1 | $a | Шогенов |
| | $b | Х. |
| | $g | Хашпаго |
| 600 | #1 | $a | Балкаров |
| | $b | К. |
| | $g | Кучук |
| 600 | #1 | $a | Альботов |
| | $b | Г. |
| | $g | Гузер |
| 600 | #1 | $a | Филиппенко |
| | $b | Д. |
| | $g | Дмитрий |
| 601 | 01 | $3 | RU\NLR\AUTH\880357276 |
| | $a | СССР |
| | $b | ЦИК |
| 801 | #0 | $a | RU |
| | $b | GA_RF |
| 801 | #1 | $a | RU |
| | $b | ГлавНИВЦ |
| | $c | 20221117 |
| | $2 | rusmarc |
| 801 | #2 | $a | RU |
| | $b | ПБ им. Б.Н. Ельцина |
| | $c | 20221222 |
| | $g | RCR |
| | $2 | rusmarc |
| 852 | ## | $a | ГА РФ |
| | $j | 738 |
| 937 | ## | $d | 181703223 |
| | $h | ГАРФ |
| 035 | ## | $a | RuPRLIB51069580 |
| 856 | ## | $u | http://readingroom.main.prlib.ru/item.aspx?id_node=n181703223&mode=full |